000 01165nam a2200253 4500
001 32637
090 _a32637
100 _a20260326d1994 u||y0engy50 ba
101 _aeng
102 _aGB
200 _aFisheries Research Special Issue, "Fishery Biology of Northeast Atlantic Squid
_fP.R. Boyle
_gG.J. Pierce
_hDepartamento de Zoologia, da Universidade de Aberdeen Aberdeen
210 _aReuni Unido
_cElsevier
_d1994
215 _a314 p.
_cil.
_d25 cm
225 _v21 vol. 21, 21, Ed. 1-2
_x0165-7836
300 _aNota: Edição especial da revista Fisheries Research, "Biologia Pesqueira da Lula do Atlântico Nordeste
327 _aColeção fundamental que abrange a biologia, a ecologia e a dinâmica populacional da lula em águas europeias. Destaca espécies importantes como Loligo forbesi, Loligo vulgaris e Alloteuthis subulata.
345 _dOferta
606 _aLula, cefalópodes
_zAtlântico Nordeste
606 _xLoligo forbesi
606 _xBiologia
606 _xEcologia
700 _aBoyle
_bP.R.
701 _aPierce
_bG.J.
710 _aDepartamento de Zoologia, Universidade de Aberdeen Aberdeen